| Tag |
First Indicator |
Second Indicator |
Subfields |
| LEADER |
00000cam a2200000 i 4500 |
| 001 |
in00003610013 |
| 005 |
20170928110933.0 |
| 008 |
150529t20152015ksua b 001 0 eng |
| 010 |
|
|
|a 2015020382
|
| 020 |
|
|
|a 9780700621330
|q (cloth :
|q alk. paper)
|
| 020 |
|
|
|a 0700621334
|q (cloth :
|q alk. paper)
|
| 020 |
|
|
|a 9780700621583
|q (ebook)
|
| 020 |
|
|
|a 070062158X
|q (ebook)
|
| 035 |
|
|
|a (OCoLC)ocn910825911
|
| 040 |
|
|
|a DNAL/DLC
|e rda
|c DLC
|d AGL
|d UtOrBLW
|
| 043 |
|
|
|a n-us---
|
| 049 |
|
|
|a TXAM
|
| 050 |
0 |
0 |
|a TX369
|b .O88 2015
|
| 070 |
0 |
|
|a TX369
|b .O78 2015
|
| 082 |
0 |
0 |
|a 641.3/02
|2 23
|
| 100 |
1 |
|
|a O'Sullivan, Robin,
|e author.
|0 http://id.loc.gov/authorities/names/no2012005362
|
| 245 |
1 |
0 |
|a American organic :
|b a cultural history of farming, gardening, shopping, and eating /
|c Robin O'Sullivan.
|
| 264 |
|
1 |
|a Lawrence :
|b University Press of Kansas,
|c [2015]
|
| 264 |
|
4 |
|c ©2015
|
| 300 |
|
|
|a 382 pages :
|b illustrations ;
|c 25 cm.
|
| 336 |
|
|
|a text
|b txt
|2 rdacontent
|
| 337 |
|
|
|a unmediated
|b n
|2 rdamedia
|
| 338 |
|
|
|a volume
|b nc
|2 rdacarrier
|
| 490 |
1 |
|
|a CultureAmerica
|
| 504 |
|
|
|a Includes bibliographical references and index.
|
| 505 |
0 |
|
|a Organic destiny -- A noisy spring: "genius?" or "fraud?" -- An alternative way to live -- Leaders, land lovers, locavores, labels, laws, and a little lunacy -- Individual organic optimization: health hopes and fears -- Organic consumers: voting with dollars and forging identities.
|
| 520 |
|
|
|a In American Organic we see how organic growing and consumption has been everything from a practical decision, lifestyle choice and status marker to a political deed, subversive effort and social philosophy, and how organic production and consumption are entrenched in the lives of all Americans, whether they eat organic food or not.
|
| 650 |
|
0 |
|a Natural foods
|z United States
|x History.
|
| 650 |
|
0 |
|a Organic farming
|z United States
|x History.
|
| 830 |
|
0 |
|a Culture America.
|0 http://id.loc.gov/authorities/names/n98088766
|
| 945 |
|
|
|a PromptCat
|
| 946 |
|
|
|a stk
|
| 947 |
|
|
|a A14843367922
|
| 948 |
|
|
|a cataloged
|b h
|c 2016/2/1
|d c
|e dmitchel
|f 9:00:00 am
|
| 994 |
|
|
|a 92
|b TXA
|
| 999 |
f |
f |
|s 30099c36-97b1-348f-ab16-8ccadbdd6365
|i cd5cded8-1323-3065-89f5-91737d7b0564
|t 0
|
| 952 |
f |
f |
|p normal
|a Texas A&M University
|b College Station
|c Sterling C. Evans Library
|d Evans: Library Stacks
|t 0
|e TX369 .O88 2015
|h Library of Congress classification
|i unmediated -- volume
|m A14843367922
|
| 998 |
f |
f |
|a TX369 .O88 2015
|t 0
|l Evans: Library Stacks
|